000 00361cam a2200145ua 4500
041 _aeng
_h
082 _a516
_bLAC/IN
100 _aLacey, L.J .
245 _aIntermediate geometry /
_cL.J.Lacey.
_hTextual Documents
260 _aNew York :
_bMacMillan and Company Limited ,
_c1961.
300 _a363 ; .
504 _a
942 _cBK
999 _c8784
_d8784